00272nam a2200109Ia 4500008004100000040001600041041001200057082001700069100001800086245004800104300001000152230917s9999||||xx |||||||||||||| ||und|| e89853aMAIN aEnglish a372.35 G919E aGrover, Reeta 0aEffect of gaming on the teaching of Physics a67 p.